Szczegóły MARC21

The short prose reader /

003 -Nazwa inst., której nr kontr. jest w polu 001 [,]
    • @
    • Nazwa instytucji, której n kontrolny jest w polu 001
    • NUKAT
005 -DATA I CZAS OSTATNIEJ MODYFIKACJI [,]
    • @
    • pole kontrolne
    • 20241231112928.0
020 -Międzynarod. znormalizowany nr książki - ISBN [ , ]
    • a
    • Numer ISBN
    • 0070440212 Find
040 -Instytucja sporządzająca opis [ , ]
    • a
    • Instytucja, która sporządziła opis (NP)
    • NUKAT
    • c
    • Instytucja, która sporządziła rekord (NP)
    • POZN U/JMJ
    • d
    • Instytucja, która zmodyfikowała rekord (P)
    • POZN U/WA
    • d
    • Instytucja, która zmodyfikowała rekord (P)
    • WR U/hbs
942 -Rodzaj dokumentu [ , ]
    • c
    • Rodzaj dokumentu
    • Książka
245 -Strefa tytułu i oznaczenia odpowiedzialności [0,4]
    • a
    • Tytuł
    • The short prose reader / Find
    • c
    • Pozostałe elementy strefy tytułu i oznaczenia odpowiedzialności (NP)
    • [comp. by] Gilbert H. Muller, Harvey S. Wiener.
250 -Strefa wydania [ , ]
    • a
    • Oznaczenie wydania (NP)
    • 4th ed.
260 -Strefa adresu wydawniczego [ , ]
    • a
    • Miejsce wydania (P)
    • New York :
    • b
    • Nazwa wydawcy (P)
    • McGrew-Hill Book Co.,
    • c
    • Data wydania (P)
    • 1987.
300 -Strefa opisu fizycznego [ , ]
    • a
    • Określenie formy książki i/lub objętość (NP)
    • XXI, 426 s. ;
    • c
    • Format (NP)
    • 21 cm.
336 -Typ zawartości [ , ]
    • a
    • Termin opisujący typ zawartości
    • Tekst
    • b
    • Kod określający zawartość
    • txt
    • 2
    • Źródło (terminu i kodu)
    • rdacontent
337 -Typ mediów [ , ]
    • a
    • Tryb odtwarzania
    • Bez urządzenia pośredniczącego
    • b
    • Kod typu mediów
    • n
    • 2
    • Źródło (terminu i kodu)
    • rdamedia
338 -Typ/rodzaj nośnika [ , ]
    • a
    • Hasło opisujące typ nośnika
    • Wolumin
    • b
    • Kod typu nośnika
    • nc
    • 2
    • Źródło (terminu i kodu)
    • rdacarrier
650 -Hasło przedmiotowe [ ,7]
    • a
    • Hasło przedmiotowe
    • Język angielski
    • x
    • Określnik rzeczowy
    • retoryka
    • v
    • Określnik formalny
    • zadania i ćwiczenia.
    • 2
    • Źródło terminu
    • kaba
    • 9
    • KHW
    • 571571
650 -Hasło przedmiotowe [ ,7]
    • a
    • Hasło przedmiotowe
    • Lektury i wypisy (nauczanie akademickie).
    • 2
    • Źródło terminu
    • kaba
    • 9
    • KHW
    • 116853
650 -Hasło przedmiotowe [ ,7]
    • a
    • Hasło przedmiotowe
    • Redakcja sprawozdań.
    • 2
    • Źródło terminu
    • kaba
    • 9
    • KHW
    • 168390
700 -Hasło dodatkowe - nazwa osobowa [1, ]
    • a
    • Nazwa osobowa (NP)
    • Wiener, Harvey S. Find
    • d
    • Daty biograficzne (NP)
    • (1940- ).
    • e
    • Określenie rodzaju współpracy
    • Zebr.
    • 9
    • KHW
    • 423771
700 -Hasło dodatkowe - nazwa osobowa [1, ]
    • a
    • Nazwa osobowa (NP)
    • Muller, Gilbert H. Find
    • d
    • Daty biograficzne (NP)
    • (1941- ).
    • e
    • Określenie rodzaju współpracy
    • Zebr.
    • 9
    • KHW
    • 532312
920 -ISBN [ , ]
    • a
    • ISBN
    • 0-07-044021-2 Find
Numer inwentarzowy Lokalizacja Sygnatura Status udost. Data inwentaryzacji
M.1451BM 21999-07-15
JO.1123BM 21999-07-15
JO.1124BM 21999-07-15
JO.1125BM 21999-07-15
A.191BM -31999-07-15
A.192BMANG. Metodyka - czytanie 1811999-07-15